The hero of Kargil & other stories / (Record no. 52948)

MARC details
000 -LEADER
fixed length control field 01022nam a22002657a 4500
005 - DATE AND TIME OF LATEST TRANSACTION
control field 20110616111214.0
010 ## - LCCN (DPL NO)
LC control number ENG-102618 B-456440
020 ## - INTERNATIONAL STANDARD BOOK NUMBER
Terms of availability 300.00
International Standard Book Number 9788184300871
020 ## - INTERNATIONAL STANDARD BOOK NUMBER
Terms of availability 300.00
International Standard Book Number 8184300875
035 ## - SYSTEM CONTROL NUMBER
System control number EN-86151 B-456440
037 ## - SOURCE OF ACQUISITION
Source of stock number/acquisition DBAD / PUB
037 ## - SOURCE OF ACQUISITION
Source of stock number/acquisition Allied Pub/Ven
082 ## - DEWEY DECIMAL CLASSIFICATION NUMBER
Classification number S
100 ## - MAIN ENTRY--PERSONAL NAME
Personal name Mande, Yashwant
245 ## - TITLE STATEMENT
Title The hero of Kargil & other stories /
Statement of responsibility, etc by Yashwant Mande
260 ## - PUBLICATION, DISTRIBUTION, ETC. (IMPRINT)
Place of publication, distribution, etc New Delhi
Name of publisher, distributor, etc Ocean Books
Date of publication, distribution, etc 2010
270 ## - ADDRESS
Address 4/19, Asaf Ali Road
City New Delhi
Postal code 110002
300 ## - PHYSICAL DESCRIPTION
Extent 216p.
Dimensions 22cm (Hb)
700 ## - ADDED ENTRY--PERSONAL NAME
9 (RLIN) 28520
710 ## - ADDED ENTRY--CORPORATE NAME
9 (RLIN) 28535
942 ## - ADDED ENTRY ELEMENTS (KOHA)
Source of classification or shelving scheme Dewey Decimal Classification
Item type English Books
Call number suffix MAN
Classification part S
Holdings
Withdrawn status Lost status Not for loan Collection code Home library Current library Date acquired Source of acquisition Cost, normal purchase price Full call number Barcode Copy number Cost, replacement price Koha item type
      Fiction Central Library Central Library 03/05/2012 Allied Pub/1784/25.1.2012/21/16.1.2012/03.02.2012 300.00 S MAN B-456440 1 300.00 English Books
    Not For Loan Non-fiction D.B.Act.Division D.B.Act.Division 16/06/2011 DBAD/PUB 300.00 S MAN EN-86151 1 300.00 English Books

© Delhi Public Library
Hit Counter
free hit counter